Wireless internet applications and architecture : Building professional wireless applications worldwide

שמור ב:
מידע ביבליוגרפי
מחבר ראשי: Beaulieu, Mark
פורמט: ספר
שפה:Undetermined
יצא לאור: Boston, MA Addison-Wesley 2002
נושאים:
תגים: הוספת תג
אין תגיות, היה/י הראשונ/ה לתייג את הרשומה!
Thư viện lưu trữ: Trung tâm Học liệu Trường Đại học Cần Thơ
LEADER 00710nam a2200205Ia 4500
001 CTU_56324
008 210402s9999 xx 000 0 und d
082 |a 384.5 
082 |b B377 
100 |a Beaulieu, Mark 
245 0 |a Wireless internet applications and architecture : 
245 0 |b Building professional wireless applications worldwide 
245 0 |c Mark Beaulieu 
260 |a Boston, MA 
260 |b Addison-Wesley 
260 |c 2002 
526 |a Mạng không dây và di động 
526 |b CT338 
650 |a application software,personal communications service systems,wireless communications systems,internet programming 
980 |a Trung tâm Học liệu Trường Đại học Cần Thơ